000 00525nam a22001817a 4500
999 _c21080
_d21080
003 BDDh-ASL
005 20231015025950.0
008 210121s1980 bg ||||| |||| 00| 0 eng d
040 _aBDDh-ASL
_cBDDh-ASL
082 _a954.297
_bKHM
100 1 _aKhan, Muin Ud-din Ahmad
_941
245 1 0 _aMuslim Communities of South-East Asia /
260 _aChittagong :
_bIslamic Cultural Centre,
_c1980.
300 _a102 p. :
_c22 cm.
650 0 _92871
_aMuslim Communities
651 0 _92547
_aSoutheast Asia
942 _2ddc
_cBK